| 000 | 00694cab a2200241 4500 | ||
|---|---|---|---|
| 001 | WB3139-21 | ||
| 008 | 090401t1995 xxu||||| |||| 00| 0 eng d | ||
| 035 | _a(Sirsi) u2740 | ||
| 041 | _aeng | ||
| 245 | _aWorking out where to live | ||
| 260 | _c1995 | ||
| 350 | _a0 | ||
| 490 |
_aFinancial Times _v18 October 1995, 33(2) |
||
| 520 | _aWith growth of `Euro-commuting`, travelling between countries to work, this article looks at the cost of living in various European cities. | ||
| 650 | _aCHANNEL TUNNEL | ||
| 650 | _aCOMMUTING | ||
| 650 | _aCOST OF LIVING | ||
| 650 | _aEURO-COMMUTING | ||
| 650 | _aEUROPE | ||
| 690 | _aECONOMIC AND SOCIAL | ||
| 942 | _n0 | ||
| 948 | _c04/03/1997 | ||
| 999 |
_c1650 _d1650 |
||